European Union

Salvato in:
Dettagli Bibliografici
Natura: Libro
Lingua:inglese
Pubblicazione: Paris OECD 2012
Serie:OECD economic surveys
Soggetti:
Tags: Aggiungi Tag
Nessun Tag, puoi essere il primo ad aggiungerne!!

MARC

LEADER 00000nam a2200000 4500
001 0166984
005 20240315120619.2
020 |a 978-92-64-12733-3 
022 |a 2072-5078 
041 0 |a eng 
044 |a FR 
245 1 0 |a European Union 
264 1 |a Paris  |b OECD  |c 2012 
300 |a 87 s. 
490 1 |a OECD economic surveys 
830 0 |a OECD economic surveys 
610 2 0 |a situácia hospodárska 
610 2 0 |a kríza hospodárska 
610 2 0 |a trh práce 
610 2 0 |a politika regionálna 
610 2 0 |a migrácia 
610 2 0 |a Európska únia